LIBRARY & INFORMATION CENTRE, KCAET, TAVANUR

ONLINE PUBLIC ACCESS CATALOGUE (OPAC)

Normal view MARC view
  • Dr. Kurien E. K (Guide)

Entry Personal Name

Number of records used in: 4

001 - CONTROL NUMBER

  • control field: 3474

003 - CONTROL NUMBER IDENTIFIER

  • control field: OSt

005 - DATE AND TIME OF LATEST TRANSACTION

  • control field: 20180929135743.0

008 - FIXED-LENGTH DATA ELEMENTS

  • fixed length control field: 180929|| aca||aabn | a|a d

040 ## - CATALOGING SOURCE

  • Original cataloging agency: OSt
  • Transcribing agency: OSt

100 ## - HEADING--PERSONAL NAME

  • Personal name: Dr. Kurien E. K (Guide)

670 ## - SOURCE DATA FOUND

  • Source citation: Work cat.: (OSt)15118: PRAVEENA K. K 3454, Soil erosion studies under simulated rainfall conditions in a lateritic terrain
free website counter